Guess Band By Lead Singer - Statistics

General Stats
  • This quiz has been taken 234 times
  • The average score is 13 of 44
Answer Stats
Hint Answer % Correct
Hayley Williams Paramore
76%
Patrick Stump Fall Out Boy
72%
Andy Biersack Black Veil Brides
63%
Oli Sykes Bring Me The Horizon
60%
Vic Fuentes Pierce the Veil
59%
Tyler Joseph twenty one pilots
59%
Alex Gaskarth All Time Low
58%
Chris Motionless Motionless In White
57%
Corey Taylor Slipknot
57%
Kellin Quinn Sleeping With Sirens
55%
Ronnie Radke Falling in Reverse
49%
Jared Leto Thirty Seconds to Mars
48%
Austin Carlile Of Mice & Men
43%
Jeremy McKinnon A Day To Remember
40%
Lynn Gunn PVRIS
39%
Jenna McDougall Tonight Alive
32%
Patty Walters As It Is
31%
Matty Mullins Memphis May Fire
30%
Michael Bohn Issues
25%
Tyler Carter Issues
25%
Cody Carson Set It Off
24%
Caleb Shomo Beartooth
22%
Ben Barlow Neck Deep
22%
Tay Jardine We Are the In Crowd
22%
Beau Bokan Blessthefall
21%
Josh Franceschi You Me At Six
21%
Chris Fronzak Attila
19%
Sam Carter Architects
18%
Andy Leo Crown the Empire
18%
Dave Escamilla Crown the Empire
18%
Derek DiScanio State Champs
15%
Telle Smith The Word Alive
15%
Parker Cannon The Story So Far
14%
Joel Birch The Amity Affliction
13%
Levi Benton Miss May I
11%
Dani Winter-Bates Bury Tomorrow
10%
Craig Owens Chiodos
10%
Jason Aalon Butler letlive.
10%
Mike Duce Lower Than Atlantis
10%
Brian Logan Dales The Summer Set
10%
Jonathan Vigil The Ghost Inside
9%
Loz Taylor While She Sleeps
8%
Michael Jagmin A Skylit Drive
6%
Garret Rapp The Color Morale
6%
No matching quizzes found
Score Distribution
Percent of People with Each Score
Percentile by Number Answered
Your Score History
You have not taken this quiz